Statystyki dla Państwa według wydatków na wojskowość

Kliknij tutaj aby rozwiązać quiz!

Ogólne statystyki

  • Ten quiz został rozwiązany 46 871 razy
    (15 106 od ostatniego zresetowania)
  • Średni wynik to 16 z 20

Statystyki odpowiedzi

WydatkiKraj% Poprawnych
$65,9 mldRosja
99%
$801 mldStany Zjednoczone
99%
$293 mldChiny
97%
$13,7 mldPolska
96%
$56,6 mldFrancja
95%
$56,0 mldNiemcy
95%
$68,4 mldWielka Brytania
88%
$19,5 mldHiszpania
87%
$76,6 mldIndie
87%
$54,1 mldJaponia
87%
$26,4 mldKanada
87%
$22,8 mldBrazylia
86%
$50,2 mldKorea Południowa
83%
$32,0 mldWłochy
82%
$24,6 mldIran
73%
$15,5 mldTurcja
71%
$31,8 mldAustralia
70%
$24,3 mldIzrael
66%
$55,6 mldArabia Saudyjska
60%
$13,8 mldHolandia
37%

Rozkład punktacji

Percentyl według liczby udzielonych odpowiedzi

Procent ludzi z każdym wynikiem

Twoja historia wyników

Nie rozwiązałeś tego quizu od ostatniego zresetowania